00258nam a2200097 a 450000500170000000800410001705000180005810000240007624500210010026000390012120140414131900.0100916s19uu xx 00 eng d aFICbB35 1997 aBulla, Clyde Robert aThe poppy seeds. aNew York :bPenguin Books,c1997.